01394njm a2200253Ia 450000100060000000300090000600500170001500800410003204000130007304000130008610000110009910000180011010000380012824500460016625000110021226000110022326000300023430000100026430000290027450000520030350507110035551100250106665000490109123914IT-RoPAU20220918181200.0131025s9999 xx 000 0 und d aIT-RoPAU cIT-RoPAU aAA.VV. eAutore musica gCodice autore musica SPICS: 12000 aGrande aventure du western (La)-Lp Dpu 35 a1a ed. aTORINO bCETRAc1975 [1a Ed.:1975] aDISCO c64 minuti (Testo: pag.) aCanzoni del west. Musica western di autori vari aLes cavaliers du ciel (3:00) - La kermesse de l'ouest (4:00) - Rio Bravo (3:00) - O.K. Coral (3:00) - L'homme des vallees perdues (3:00) - Buffalo gals (3:00) - Les sept mercenaires (3:00) - La riviere sans retour (3:00) - Pour quelques dollars de plus (4:00) - Vera Cruz (3:00) - My Darling Clementine (3:00) - Oh Suzannah (3:00) - Il etait une fois dans l'ouest (4:00) - Les grand espaces (3:00) - Dixieland-Arkansas travellers (3:00) - Alamo (3:00) - Johnny Guitare (4:00) - Yellow Rose of Texas (2:00) - Raindrops Keep Falling On My Head (4:00) - Mule Train - Le bon, la brute et le truand (3:00) - 3H, 10 pour Yuma (4:00) - J'entends siffler le train (3:00) - Il etait une fois... la revolution (3:00) aThe Texas Travellers aWESTERN [DISCHI]eCodice MATERIA SPICS: 9950